| 000 | 01048nam a22003257a 4500 | ||
|---|---|---|---|
| 003 | CHAP | ||
| 005 | 20220329133045.0 | ||
| 008 | 971013s1987 r 00010 d | ||
| 010 | _a1688 | ||
| 011 | _a2660 | ||
| 035 | _a1855 | ||
| 040 | _cCHAP | ||
| 082 |
_a636.089 _bS2 |
||
| 100 | 0 | 0 |
_aSchnurrenberger, Paul R. _9103112 |
| 245 |
_aAttacking animal diseases _b: concepts and stategies for control and eradication |
||
| 260 |
_aAmes : _bIowa State University, _c1987 |
||
| 300 | _a200 p | ||
| 500 | _aD42-213 | ||
| 590 |
_aBATCH-UPD _b10 _c20130110 _lUCH01 _h0058 |
||
| 590 |
_aBATCH-UPD _b10 _c20130110 _lUCH01 _h2204 |
||
| 590 |
_aBATCH-UPD _b10 _c20130409 _lUCH01 _h2047 |
||
| 590 |
_aBATCH-UPD _b10 _c20130914 _lUCH01 _h2015 |
||
| 590 |
_aCONVERSION _b10 _c20130109 _lUCH01 _h1302 |
||
| 650 | 1 | 4 |
_aVeterinaria y salud pública. _9119012 |
| 700 | 0 |
_aSharman, Robert S. _9105516 |
|
| 700 | 0 |
_aWise, Gilbert H. _9122328 |
|
| 901 | _aBK | ||
| 942 | _cLIBRO | ||
| 949 |
_a636.089 S2 _bBC _cLIBRO _d33724000278164 _eLIBRO _gI.155377 _h78962 _i1855 _si _t105.10 |
||
| 999 |
_c1688 _d1688 |
||